Statistics for All Street Suffixes

Click here to take the quiz!

General Stats

  • This quiz has been taken 31 times
  • The average score is 88 of 147

Answer Stats

AbbreviationAnswer% Correct
AVEAvenue
100%
BLVDBoulevard
95%
GDNGarden
95%
GTWYGateway
95%
ISLEIsle
90%
LANDLand
90%
LOOPLoop
90%
OVALOval
90%
PARKPark
90%
PKWYParkway
90%
PASSPass
90%
PATHPath
90%
PIKEPike
90%
RAMPRamp
90%
WALKWalk
90%
WYWay
90%
CURVCurve
86%
GRNGreen
86%
HWYHighway
86%
MALLMall
86%
PSGEPassage
86%
RNCHRanch
86%
RDRoad
86%
ROWRow
86%
WALLWall
86%
ALYAlley
81%
JCTJunction
81%
MTMount
81%
ORCHOrchard
81%
PRTPort
81%
RUERue
81%
RUNRun
81%
SKWYSkyway
81%
STStreet
81%
TUNLTunnel
81%
DRDrive
76%
FALLFall
76%
FWYFreeway
76%
LNDGLanding
76%
LNLane
76%
MDWMeadow
76%
MTNMountain
76%
PLZPlaza
76%
RIVRiver
76%
SQSquare
76%
UPASUnderpass
76%
BRGBridge
71%
CIRCircle
71%
CRESCrescent
71%
XINGCrossing
71%
OPASOverpass
71%
TRAKTrack
71%
BYPBypass
67%
CTCourt
67%
FLDField
67%
GRVGrove
67%
LKLake
67%
LCKLock
67%
PNEPine
67%
PLPlace
67%
RPDRapid
67%
RTERoute
67%
TRCETrace
67%
TPKETurnpike
67%
BCHBeach
62%
CMNCommon
62%
CRSECourse
62%
XRDCrossroad
62%
INLTInlet
62%
PLNPlain
62%
RDGRidge
62%
SHRShore
62%
SPURSpur
62%
TERTerrace
62%
VLYValley
62%
CPECape
57%
CLFCliff
57%
CLBClub
57%
CRSTCrest
57%
FRDFord
57%
FRSTForest
57%
HVNHaven
57%
HLHill
57%
ISIsland
57%
LDGLodge
57%
RADLRadial
57%
VLGVillage
57%
CYNCanyon
52%
CTRCenter
52%
CRKCreek
52%
EXPYExpressway
52%
GLNGlen
52%
HBRHarbor
52%
HTSHeights
52%
HOLWHollow
52%
MEWSMews
52%
STAStation
52%
STRMStream
52%
BNDBend
48%
BLFBluff
48%
BTMBottom
48%
CSWYCauseway
48%
EXTExtension
48%
FLTFlat
48%
FRKFork
48%
PTPoint
48%
RSTRest
48%
TRLTrail
48%
WLWell
48%
BRKBrook
43%
CVCove
43%
FTFort
43%
MNRManor
43%
MTWYMotorway
43%
NCKNeck
43%
SPGSpring
43%
SMTSummit
43%
TRLRTrailer
43%
VIAViaduct
43%
ANXAnex
38%
CORCorner
38%
DMDam
38%
MLMill
38%
VISVista
38%
DLDale
33%
FRGForge
33%
KYKey
33%
KNLKnoll
33%
SHLShoal
33%
TRFYTrafficway
33%
BYUBayou
29%
BRBranch
29%
UNUnion
29%
VWView
29%
ARCArcade
24%
ESTEstate
24%
FRYFerry
24%
LGTLight
24%
MSNMission
24%
TRWYThroughway
24%
VLVille
24%
BGBurg
19%
CPCamp
19%
DVDivide
19%
LFLoaf
19%
PRPrairie
19%
STRAStravenue
10%

Score Distribution

Percentile by Number Answered

Percent of People with Each Score

Your Score History

You have not taken this quiz